Commercial banking : The management of risk
From the growth of electronic banking, to the rapid rise in overseas operations, to deregulation and recent laws, Gup and Kolari's Commercial Banking: The Management of Risk, Third Edition will help you understand these new realities and keep up with what's happening in the banking industr...
保存先:
| 第一著者: | |
|---|---|
| フォーマット: | 図書 |
| 言語: | Undetermined |
| 出版事項: |
Hoboken, NJ
J. Wiley
2005
|
| 主題: | |
| タグ: |
タグ追加
タグなし, このレコードへの初めてのタグを付けませんか!
|
| Thư viện lưu trữ: | Trung tâm Học liệu Trường Đại học Cần Thơ |
|---|
| LEADER | 01409nam a2200217Ia 4500 | ||
|---|---|---|---|
| 001 | CTU_187919 | ||
| 008 | 210402s9999 xx 000 0 und d | ||
| 020 | |c 1948000 | ||
| 082 | |a 332.12068 | ||
| 082 | |b G896 | ||
| 100 | |a Gup, Benton E. | ||
| 245 | 0 | |a Commercial banking : | |
| 245 | 4 | |b The management of risk | |
| 245 | 0 | |c Benton E. Gup, James W. Kolari | |
| 260 | |a Hoboken, NJ | ||
| 260 | |b J. Wiley | ||
| 260 | |c 2005 | ||
| 520 | |a From the growth of electronic banking, to the rapid rise in overseas operations, to deregulation and recent laws, Gup and Kolari's Commercial Banking: The Management of Risk, Third Edition will help you understand these new realities and keep up with what's happening in the banking industry. With a strong emphasis on managing risk and maximizing profit, this up-to-date text provides a comprehensive, practical introduction to bank management and current banking practices used to control different kinds of risk. You'll examine the factors that affect the value of a bank and techniques for managing that value including the use of financial derivatives. You'll also explore the principal lending activities to businesses and individuals from the point of view of both the bank and the borrower. | ||
| 650 | |a Quản trị ngân hàng,Bank management,Risk management | ||
| 910 | |a Thoại Linh,Hải | ||
| 980 | |a Trung tâm Học liệu Trường Đại học Cần Thơ | ||